[Event "15th London Classic Open"]
[Site "London ENG"]
[Date "2025.12.01"]
[Round "7.10"]
[White "Aizenberg, Benny"]
[Black "Jumabayev, Rinat"]
[Result "1/2-1/2"]
[WhiteTitle "IM"]
[BlackTitle "GM"]
[WhiteElo "2444"]
[BlackElo "2560"]
[WhiteFideId "2821125"]
[BlackFideId "13702661"]
[EventDate "2025.11.27"]

1. e4 d6 2. d4 g6 3. Nc3 c6 4. h4 Nf6 5. Be2 h5 6. Nf3 Bg7 7. Ng5 b5 8. a3 Qc7
9. e5 dxe5 10. dxe5 Ng4 11. e6 f5 12. Bxg4 hxg4 13. Ne2 Bf6 14. Qd3 Qd6 15. Qxd6
exd6 16. Nf7 O-O 17. Bh6 Re8 18. Nxd6 Rxe6 19. Nxc8 Nd7 20. O-O-O Rxe2 21. Rxd7
Rxc8 22. Be3 Re8 23. Kd1 R8xe3 24. fxe3 Rxg2 25. h5 g3 26. h6 Rh2 27. Rg1 Be5
28. Re7 Bf6 29. Rd7 Be5 30. Re7 Bf6 31. Re6 Kf7 32. Rxc6 Be5 33. Rc5 Kf6 34.
Rxb5 g5 35. h7 Rxh7 36. Ke2 Rh2+ 37. Kd3 f4 38. exf4 gxf4 39. Ke4 Re2+ 40. Kf3
Rf2+ 41. Ke4 Re2+ 1/2-1/2

[Event "15th London Classic Open"]
[Site "London ENG"]
[Date "2025.12.01"]
[Round "7.11"]
[White "Schmider, Niklas"]
[Black "Cornette, Matthieu"]
[Result "0-1"]
[WhiteTitle "IM"]
[BlackTitle "GM"]
[WhiteElo "2423"]
[BlackElo "2517"]
[WhiteFideId "12993778"]
[BlackFideId "620084"]
[EventDate "2025.11.27"]

1. e4 e5 2. Nf3 Nc6 3. Bb5 a6 4. Ba4 Nf6 5. O-O Be7 6. Re1 b5 7. Bb3 d6 8. c3
O-O 9. h3 h6 10. d4 Re8 11. Nbd2 Bd7 12. a3 a5 13. d5 Nb8 14. a4 bxa4 15. Bxa4
Bxa4 16. Rxa4 Nbd7 17. Nb3 c6 18. dxc6 Nb8 19. Be3 Nxc6 20. Qc2 Qc7 21. Rea1 d5
22. Nfd2 Red8 23. exd5 Nb4 24. Qf5 Nbxd5 25. Nc4 Nxe3 26. fxe3 e4 27. Rxa5 Rxa5
28. Ncxa5 Rd3 29. Qf2 Nd5 30. Qf5 Nf6 31. Nd4 Rxe3 32. Nac6 Bf8 33. Qf2 Rd3 34.
Qe2 Bc5 35. Kh1 Qg3 36. Nf5 Qg5 37. Ncd4 Bxd4 38. Nxd4 Rd2 39. Qf1 Rxb2 40. Rb1
Nh5 41. Kg1 Qe3+ 42. Kh2 Rf2 43. Qg1 Qf4+ 44. Kh1 Ng3+ 0-1

[Event "15th London Classic Open"]
[Site "London ENG"]
[Date "2025.12.01"]
[Round "7.12"]
[White "Rozen, Eytan"]
[Black "Willems, Niels"]
[Result "1-0"]
[WhiteTitle "IM"]
[BlackTitle "FM"]
[WhiteElo "2515"]
[BlackElo "2368"]
[WhiteFideId "2816750"]
[BlackFideId "20695586"]
[EventDate "2025.11.27"]

1. g3 Nf6 2. Bg2 c5 3. c4 Nc6 4. Nc3 e6 5. Nf3 d5 6. cxd5 exd5 7. d4 cxd4 8.
Nxd4 Bc5 9. Be3 Qb6 10. Na4 Qb4+ 11. Bd2 Qxd4 12. e3 Qe5 13. Nxc5 Qxb2 14. O-O
O-O 15. Nd3 Qa3 16. Bc1 Qe7 17. Nf4 Rd8 18. Bb2 Be6 19. Qb3 Qb4 20. Qxb4 Nxb4
21. Rab1 Nxa2 22. Bd4 a5 23. Rxb7 Nb4 24. Nxe6 fxe6 25. Bh3 Ra6 26. Bxf6 gxf6
27. Rc1 h5 28. Rcc7 f5 29. Bf1 Raa8 30. Be2 Rdb8 31. Rg7+ Kh8 32. Rh7+ Kg8 33.
Rbg7+ Kf8 34. Bxh5 Nc6 35. Rc7 Kg8 36. Rhg7+ Kh8 37. Rg6 Nd8 38. Rf6 Kg8 39. Bg6
Nb7 40. Bh7+ Kh8 41. Rh6 Nd8 42. Bxf5+ Kg8 43. Bh7+ Kh8 44. Bd3+ Kg8 45. Rg6+
Kh8 46. Rf6 Nb7 47. Rh6+ Kg8 48. Bh7+ Kh8 49. Bf5+ Kg8 50. Bxe6+ Kf8 51. Rh8# 1-0

[Event "15th London Classic Open"]
[Site "London ENG"]
[Date "2025.12.01"]
[Round "7.13"]
[White "Wadsworth, Matthew J"]
[Black "Mikhalevski, Victor"]
[Result "1/2-1/2"]
[WhiteTitle "GM"]
[BlackTitle "GM"]
[WhiteElo "2487"]
[BlackElo "2504"]
[WhiteFideId "415804"]
[BlackFideId "2801914"]
[EventDate "2025.11.27"]

1. d4 Nf6 2. c4 g6 3. Nc3 d5 4. Nf3 Bg7 5. Qb3 dxc4 6. Qxc4 Be6 7. Qa4+ Bd7 8.
Qa3 Bc6 9. e3 Nbd7 10. Be2 a5 11. O-O O-O 12. Rd1 e6 13. Bd2 Re8 14. Be1 Bxf3
15. Bxf3 c6 16. Qb3 Qb6 17. Na4 Qxb3 18. axb3 Nd5 19. e4 Nb4 20. Bc3 b5 21. Nc5
Nxc5 22. dxc5 Bf8 23. e5 Nd5 24. Rxa5 Bxc5 25. Rda1 Rxa5 26. Rxa5 Rd8 27. Kf1
Kg7 28. Ra6 Rc8 29. Bxd5 cxd5 30. b4 Bf8 31. Rb6 Rc4 32. Rxb5 d4 33. Bd2 d3 34.
Bc3 Be7 35. Rb7 Kf8 36. Rb8+ Kg7 37. Rb7 Kf8 38. b5 Bb4 39. Ke1 Bxc3+ 40. bxc3
Rxc3 41. b6 Rb3 42. Kd2 g5 43. g4 Kg7 1/2-1/2

[Event "15th London Classic Open"]
[Site "London ENG"]
[Date "2025.12.01"]
[Round "7.14"]
[White "Grieve, Harry"]
[Black "Tulchynskyi, Feliks"]
[Result "1/2-1/2"]
[WhiteTitle "IM"]
[BlackTitle "IM"]
[WhiteElo "2491"]
[BlackElo "2409"]
[WhiteFideId "426520"]
[BlackFideId "34127895"]
[EventDate "2025.11.27"]

1. e4 c5 2. Nf3 e6 3. c3 d5 4. e5 d4 5. d3 Nc6 6. g3 Nge7 7. Bg2 Ng6 8. Qe2 Qc7
9. Na3 Ncxe5 10. Nxe5 Qxe5 11. Be4 Be7 12. h4 f5 13. Nc4 Qf6 14. Bf3 O-O 15. Bg5
Qf7 16. cxd4 cxd4 17. Bd2 Qf6 18. O-O-O h6 19. Rde1 a5 20. Kb1 Ra6 21. Bh5 e5
22. Nxe5 Nxe5 23. Qxe5 Qxe5 24. Rxe5 Bb4 25. Bf4 Bd7 26. Rc1 Rb6 27. Rd5 Be8 28.
Bxe8 Rxe8 29. Rxd4 Re2 30. Rc2 Re1+ 31. Bc1 Rd6 32. Rxd6 Bxd6 33. Rc4 Rf1 34.
Rd4 Bb4 35. Kc2 Rxf2+ 36. Kb3 Bd2 37. Bxd2 Rxd2 38. Rd5 Rg2 39. Rxf5 Rxg3 40.
Rxa5 Rxd3+ 41. Kc2 Rd6 42. Rb5 b6 43. a4 Kf7 44. b4 Kf6 45. a5 bxa5 46. bxa5 g5
47. hxg5+ hxg5 48. Rb6 Ke5 49. Rxd6 Kxd6 50. Kd3 Kc6 51. Ke4 Kb5 52. Kf5 Kxa5
53. Kxg5 1/2-1/2

[Event "15th London Classic Open"]
[Site "London ENG"]
[Date "2025.12.01"]
[Round "7.15"]
[White "Kovchan, Alexander"]
[Black "Royal, Shreyas"]
[Result "1/2-1/2"]
[WhiteTitle "GM"]
[BlackTitle "GM"]
[WhiteElo "2440"]
[BlackElo "2495"]
[WhiteFideId "14103052"]
[BlackFideId "448869"]
[EventDate "2025.11.27"]

1. d4 Nf6 2. c4 e6 3. g3 d5 4. Bg2 Bb4+ 5. Bd2 Be7 6. Nf3 O-O 7. O-O Nbd7 8. Qc2
c6 9. Rd1 a5 10. Bf4 h6 11. b3 b6 12. Nbd2 Nh5 13. Be5 Bb7 14. e4 Rc8 15. Bh3
Nhf6 16. Bg2 Nxe5 17. Nxe5 Qc7 18. Nef3 Rfd8 19. e5 Nd7 20. cxd5 cxd5 21. Qxc7
Rxc7 22. Rac1 Rdc8 23. Rxc7 Rxc7 24. Bf1 Rc2 25. a4 Nb8 26. Bd3 Rc3 27. Bb5 Nc6
28. Kf1 g5 29. g4 f5 30. exf6 Bxf6 31. Bxc6 Bxc6 32. Re1 Kf7 33. Re3 Rc1+ 34.
Re1 Rc2 35. Ke2 Bb7 36. Kd1 Rc7 37. Ne5+ Kg7 38. Re3 Be7 39. Ndf3 Ba6 40. Nd3
Bxd3 41. Rxd3 Bd6 42. Re3 Kf7 43. Ne5+ Bxe5 44. Rxe5 Ke7 45. Kd2 Kd6 46. h4 Rg7
47. f3 1/2-1/2

[Event "15th London Classic Open"]
[Site "London ENG"]
[Date "2025.12.01"]
[Round "7.16"]
[White "Conquest, Stuart C"]
[Black "Flear, Glenn C"]
[Result "0-1"]
[WhiteTitle "GM"]
[BlackTitle "GM"]
[WhiteElo "2521"]
[BlackElo "2376"]
[WhiteFideId "400181"]
[BlackFideId "400165"]
[EventDate "2025.11.27"]

1. c4 e6 2. Nf3 d5 3. b3 Nf6 4. g3 Bd6 5. Bb2 O-O 6. Bg2 Nbd7 7. O-O c6 8. d4
Qe7 9. Nbd2 b5 10. c5 Bc7 11. Qc2 e5 12. dxe5 Nxe5 13. Nd4 a5 14. Rfe1 Qd7 15.
e4 Ng6 16. Rad1 Bb7 17. Nf5 Rae8 18. Bh3 Qd8 19. Nf3 Bc8 20. Bg2 Rxe4 21. Rxe4
Bxf5 22. Ng5 h6 23. g4 Bxe4 24. Nxe4 Nxe4 25. Bxe4 Qh4 0-1

[Event "15th London Classic Open"]
[Site "London ENG"]
[Date "2025.12.01"]
[Round "7.17"]
[White "Hebden, Mark L"]
[Black "Travadon, Loic"]
[Result "1/2-1/2"]
[WhiteTitle "GM"]
[BlackTitle "IM"]
[WhiteElo "2355"]
[BlackElo "2492"]
[WhiteFideId "400084"]
[BlackFideId "26092131"]
[EventDate "2025.11.27"]

1. Nf3 Nf6 2. e3 d5 3. c4 e6 4. d4 c5 5. cxd5 exd5 6. Bb5+ Nc6 7. O-O Bd6 8. Qc2
Qb6 9. dxc5 Bxc5 10. Bxc6+ Qxc6 11. b3 Bg4 12. Ba3 Bxa3 13. Nxa3 Qb6 14. Nd4 Rc8
15. Qb2 O-O 16. Rac1 a6 17. Nb1 Bd7 18. Nc3 Qd6 19. Rfd1 Rfe8 20. Nce2 Rcd8 21.
Ng3 h5 22. Ndf5 Bxf5 23. Nxf5 Qd7 24. Nd4 Ne4 25. Rc2 Ng5 26. Rdc1 h4 27. Rc7
Qg4 28. f3 Qh5 29. Qf2 Qg6 30. Qc2 Qxc2 31. R1xc2 Rxe3 32. Nf5 Re1+ 33. Kf2 Rh1
34. h3 Ne6 35. Rxb7 d4 36. Rd2 Rc1 37. Rb4 d3 38. Rxh4 Rc2 39. Ke3 g6 40. Ng3 f5
41. Rxd3 Re8 42. Ne4 fxe4 43. Rxe4 Rxa2 44. g4 Rh2 45. Rd6 Kf7 46. Rxa6 Rxh3 47.
Ra7+ Kf6 48. Ra5 Rh2 49. Rae5 Kf7 50. b4 Rb2 51. f4 Nc7 52. Rxe8 Nxe8 53. Rd4
Nf6 54. f5 g5 55. Kd3 Ke7 56. Kc3 Rb1 57. Rd3 Rg1 58. b5 Nxg4 59. b6 Ne5 60. Rd5
Nd7 61. Rb5 g4 62. Kd2 Rf1 63. Ke2 Rf4 64. b7 Nb8 65. Re5+ Kf7 66. Ke3 Rf3+ 67.
Ke2 Rf4 68. Ke3 Rf3+ 69. Ke2 Rb3 70. Re4 g3 71. Rg4 Kf6 72. Rg8 Nd7 73. b8=Q
Nxb8 74. Kf1 Ke5 75. f6 Kxf6 76. Kg2 Nc6 77. Rxg3 Rb2+ 78. Kf3 Kf5 79. Rg8 Rb3+
80. Ke2 Ne5 81. Rh8 Rg3 82. Ra8 Rh3 83. Ra5 Ke4 84. Ra4+ Kd5 85. Ra5+ Kd4 86.
Ra4+ Nc4 87. Kf2 Rc3 88. Ra8 Ke4 89. Rh8 Rc2+ 90. Kg3 Nd6 91. Ra8 Nf5+ 92. Kh3
Rc3+ 93. Kg2 Rg3+ 94. Kf2 Rf3+ 95. Kg2 Ne3+ 96. Kh2 Rf5 97. Kg3 Rg5+ 98. Kf2
Rg2+ 99. Ke1 Nc4 100. Re8+ Ne5 101. Kf1 Rh2 102. Kg1 Rd2 103. Kf1 Kf4 104. Re7
Ra2 105. Re8 Rh2 106. Rf8+ Ke3 107. Re8 Rh1+ 108. Kg2 Rh5 109. Rg8 Rf5 110. Rg3+
Ke2 111. Rg8 Nc4 112. Rg6 Rf3 113. Rg8 Ne3+ 114. Kg1 Rf4 115. Rg3 Rf6 116. Rg8
Rf3 117. Rg6 Rf5 118. Rg8 Kf3 119. Rg7 Re5 120. Rf7+ Kg3 121. Rg7+ Ng4 122. Kf1
Re8 123. Rg5 Kf4 124. Rg7 Re3 125. Rf7+ Kg3 126. Rg7 Re8 127. Rg5 1/2-1/2

[Event "15th London Classic Open"]
[Site "London ENG"]
[Date "2025.12.01"]
[Round "7.18"]
[White "Bazakutsa, Svyatoslav"]
[Black "Li, Guohao"]
[Result "1-0"]
[WhiteTitle "IM"]
[WhiteElo "2478"]
[BlackElo "2348"]
[WhiteFideId "14198525"]
[BlackFideId "8619999"]
[EventDate "2025.11.27"]

1. d4 Nf6 2. c4 e6 3. Nc3 Bb4 4. e3 O-O 5. Bd3 c5 6. Ne2 cxd4 7. exd4 d5 8. cxd5
Nxd5 9. Bc2 Nc6 10. Qd3 Qh4 11. Bg5 Qh5 12. g4 Qg6 13. Qd2 f5 14. Rg1 Qe8 15.
O-O-O Nce7 16. gxf5 exf5 17. Nf4 Nxf4 18. Qxf4 Ng6 19. Qf3 Bxc3 20. bxc3 Qc6 21.
Bb3+ Kh8 22. Qxc6 bxc6 23. h4 Re8 24. h5 Nf8 25. Bf6 Ne6 26. Rxg7 Nxg7 27. Rg1
Be6 28. Rxg7 Rf8 29. Be5 1-0

[Event "15th London Classic Open"]
[Site "London ENG"]
[Date "2025.12.01"]
[Round "7.19"]
[White "Gordon, Stephen J"]
[Black "Kanyamarala, Tarun"]
[Result "0-1"]
[WhiteTitle "GM"]
[BlackTitle "IM"]
[WhiteElo "2465"]
[BlackElo "2376"]
[WhiteFideId "411477"]
[BlackFideId "45004714"]
[EventDate "2025.11.27"]

1. c4 e6 2. Nc3 d5 3. d4 Nf6 4. cxd5 exd5 5. Bg5 Bb4 6. e3 h6 7. Bxf6 Qxf6 8. a3
Bxc3+ 9. bxc3 O-O 10. Bd3 c5 11. Ne2 Bf5 12. Nf4 Rd8 13. Bxf5 Qxf5 14. Qb1 Qd7
15. O-O Nc6 16. dxc5 Rac8 17. Rd1 Ne7 18. Qb4 Qc6 19. Nd3 Qa6 20. Rab1 Rc7 21.
a4 Rdc8 22. h3 Ng6 23. Qd4 Ne7 24. Rb5 Nc6 25. Qg4 Ne7 26. Qb4 Qc6 27. Rb1 Rb8
28. Qf4 Ng6 29. Qd4 Ne7 30. Nb4 Qe6 31. Qf4 Rbc8 32. Nc2 Qg6 33. Nd4 Rxc5 34.
Rxb7 Rxc3 35. R1b5 Nc6 36. Rxd5 Nxd4 37. Rxd4 R3c6 38. Rb8 Qe6 39. Rd8+ Rxd8 40.
Rxd8+ Kh7 41. Qb8 Rc5 42. Qb1+ f5 43. Qd3 Qe5 44. g4 Qa1+ 45. Kg2 Qxa4 46. gxf5
Qc6+ 47. Kg3 Qf6 48. Rd5 Rc1 49. Kf3 Rc6 50. h4 h5 51. Qe4 Rc7 52. Qf4 Qc6 53.
e4 Qc2 54. Re5 Qd1+ 55. Kg2 Rc1 56. Qf3 Qh1+ 57. Kg3 Rg1+ 58. Kf4 Qh2+ 0-1

[Event "15th London Classic Open"]
[Site "London ENG"]
[Date "2025.12.01"]
[Round "7.20"]
[White "Negrean, Andrei"]
[Black "Greenfeld, Alon"]
[Result "0-1"]
[WhiteTitle "FM"]
[BlackTitle "GM"]
[WhiteElo "2334"]
[BlackElo "2465"]
[WhiteFideId "1291513"]
[BlackFideId "2800039"]
[EventDate "2025.11.27"]

1. e4 c5 2. Nf3 d6 3. d4 cxd4 4. Nxd4 Nf6 5. Nc3 Nc6 6. Bg5 a6 7. Qd3 Bd7 8.
O-O-O e6 9. Qg3 Rc8 10. Be2 Be7 11. h4 h6 12. Nxc6 Bxc6 13. Bf4 Nxe4 14. Nxe4
Bxe4 15. Bd3 Bd5 16. Qxg7 Bf6 17. Qg3 Qb6 18. c3 Ke7 19. Bc2 Rhg8 20. Qe3 Qxe3+
21. fxe3 Rxg2 22. Rh2 Rxh2 23. Bxh2 Rc6 24. e4 Bxa2 25. Ba4 b5 26. Bc2 e5 27. b3
Rxc3 28. Kb2 Re3 29. Rd2 Bxb3 30. Bxb3 Rxe4 31. Rc2 Rxh4 32. Bg3 Rh3 33. Rc7+
Ke8 34. Rxf7 Bg5 35. Rf3 Bf4 36. Bxf4 Rxf3 37. Bxh6 Kd7 38. Bd2 d5 39. Ba5 Kc6
40. Bd1 Rg3 41. Bh5 d4 42. Be8+ Kc5 43. Be1 Rg1 44. Bh4 e4 45. Kc2 Rg2+ 46. Kd1
Kc4 47. Be1 Kd3 48. Bf7 e3 49. Ba2 0-1

[Event "15th London Classic Open"]
[Site "London ENG"]
[Date "2025.12.01"]
[Round "7.21"]
[White "Magold, Filip"]
[Black "Coicev, Matei-Andrei"]
[Result "0-1"]
[WhiteTitle "IM"]
[BlackTitle "FM"]
[WhiteElo "2465"]
[BlackElo "2332"]
[WhiteFideId "1254456"]
[BlackFideId "1279688"]
[EventDate "2025.11.27"]

1. e4 e5 2. Nf3 Nc6 3. Bb5 a6 4. Ba4 Nf6 5. O-O Be7 6. Re1 b5 7. Bb3 d6 8. c3
O-O 9. h3 Be6 10. Bxe6 fxe6 11. d4 Qe8 12. Qb3 d5 13. Ng5 Bd6 14. f4 exf4 15. e5
Nxe5 16. Rxe5 Bxe5 17. dxe5 Nd7 18. Nf3 Qh5 19. Nbd2 Nxe5 20. a4 c6 21. Qb4
Nxf3+ 22. Nxf3 e5 23. Bd2 e4 24. Nh2 f3 25. axb5 axb5 26. Rxa8 f2+ 0-1

[Event "15th London Classic Open"]
[Site "London ENG"]
[Date "2025.12.01"]
[Round "7.22"]
[White "Czopor, Maciej"]
[Black "Banerjee, Supratit"]
[Result "1/2-1/2"]
[WhiteTitle "IM"]
[BlackTitle "FM"]
[WhiteElo "2463"]
[BlackElo "2323"]
[WhiteFideId "21805431"]
[BlackFideId "2410079"]
[EventDate "2025.11.27"]

1. e4 e5 2. Nf3 Nf6 3. Nc3 Bb4 4. a3 Bxc3 5. dxc3 d6 6. Bd3 h6 7. O-O Be6 8. Re1
O-O 9. Nd2 Nbd7 10. Nf1 Nc5 11. f3 Nxd3 12. Qxd3 Qd7 13. c4 Nh5 14. g4 Nf4 15.
Bxf4 exf4 16. b3 Qe7 17. Qd2 Qg5 18. a4 h5 19. h3 f6 20. Re2 Kf7 21. Rh2 Rh8 22.
c3 hxg4 23. hxg4 a5 24. Ra2 Rxh2 25. Qxh2 Ra6 26. Rf2 Rb6 27. Nd2 Qe5 1/2-1/2

[Event "15th London Classic Open"]
[Site "London ENG"]
[Date "2025.12.01"]
[Round "7.23"]
[White "Roberson, Peter T"]
[Black "Wells, Peter K"]
[Result "1-0"]
[WhiteTitle "IM"]
[BlackTitle "GM"]
[WhiteElo "2447"]
[BlackElo "2321"]
[WhiteFideId "412384"]
[BlackFideId "400327"]
[EventDate "2025.11.27"]

1. Nf3 d5 2. g3 Bg4 3. Bg2 c6 4. h3 Bh5 5. c4 e6 6. O-O Nf6 7. Qb3 Qb6 8. d3
Nbd7 9. cxd5 Qxb3 10. axb3 Bxf3 11. dxe6 Bxe2 12. exd7+ Kxd7 13. Re1 Bh5 14. Be3
Bb4 15. Nc3 Rhe8 16. g4 Bg6 17. f4 h5 18. f5 Bh7 19. Bf3 hxg4 20. hxg4 Bd6 21.
Kg2 Kc7 22. Bd4 Nd7 23. Rec1 a6 24. b4 Be5 25. Bf2 Bxc3 26. bxc3 Ne5 27. Bg3 Kd7
28. Be2 f6 29. d4 Nf7 30. Bc4 Ng5 31. d5 Re4 32. dxc6+ Kxc6 33. Rd1 Rxg4 34.
Rd6+ Kc7 35. Rd5+ Kb6 36. Rd6+ Ka7 37. Bd5 Bxf5 38. b5 Rxg3+ 39. Kxg3 Rc8 40.
Kf4 g6 41. Rxf6 Nh3+ 42. Ke5 Re8+ 43. Kd4 Nf4 44. Rfxa6+ 1-0

[Event "15th London Classic Open"]
[Site "London ENG"]
[Date "2025.12.01"]
[Round "7.24"]
[White "Krishnan, Ritvik"]
[Black "Harvey, Marcus R"]
[Result "0-1"]
[WhiteTitle "FM"]
[BlackTitle "IM"]
[WhiteElo "2265"]
[BlackElo "2438"]
[WhiteFideId "45055297"]
[BlackFideId "400092"]
[EventDate "2025.11.27"]

1. d4 Nf6 2. c4 e6 3. Nf3 Bb4+ 4. Nbd2 O-O 5. a3 Be7 6. e4 d6 7. Bd3 e5 8. d5 a5
9. b3 Nh5 10. O-O Nf4 11. Bc2 h5 12. g3 Nh3+ 13. Kg2 Bg4 14. Qe1 g6 15. Ng1 Nxg1
16. Rxg1 Kg7 17. h4 Rh8 18. Nf3 Qc8 19. Rh1 c6 20. Bd3 Nd7 21. Bb2 cxd5 22. cxd5
Nc5 23. Qe3 Nxb3 24. Rab1 Bxf3+ 25. Kxf3 a4 26. Bb5 Ra5 27. Bd3 Qc5 28. Qxc5
Rxc5 29. Ke3 Rhc8 30. Rhd1 Bd8 31. Ke2 Ba5 32. f4 f6 33. fxe5 fxe5 34. Rf1 Nd2 0-1

[Event "15th London Classic Open"]
[Site "London ENG"]
[Date "2025.12.01"]
[Round "7.25"]
[White "Brunner, Nicolas"]
[Black "Vijayakumar, Rishi"]
[Result "1/2-1/2"]
[WhiteTitle "IM"]
[BlackTitle "FM"]
[WhiteElo "2420"]
[BlackElo "2300"]
[WhiteFideId "620246"]
[BlackFideId "2408953"]
[EventDate "2025.11.27"]

1. d4 Nf6 2. c4 e6 3. Nf3 d5 4. Nc3 Bb4 5. cxd5 exd5 6. Bf4 Ne4 7. Rc1 Qe7 8.
Nd2 Nxc3 9. bxc3 Ba3 10. Rb1 O-O 11. e3 g5 12. Bg3 f5 13. Be5 Nc6 14. f4 Nxe5
15. fxe5 f4 16. Be2 Bf5 17. Rxb7 fxe3 18. Nf1 Rab8 19. Rb3 Bb2 20. Nxe3 Bxc3+
21. Rxc3 Rb1 22. Nxd5 Rxd1+ 23. Bxd1 Qd8 24. Bb3 Be6 25. Nf6+ Rxf6 26. exf6 Bxb3
27. Rxb3 Qxd4 28. Rb8+ Kf7 29. Rf1 Qe3+ 30. Kd1 Qd3+ 31. Ke1 Qe3+ 32. Kd1 Qd4+
33. Ke2 Qe5+ 34. Kd2 Qxh2 35. Rf2 Qd6+ 36. Ke1 Qe5+ 37. Kd2 Qd4+ 38. Ke2 h5 39.
Rh8 Qe4+ 40. Kd2 Qd4+ 41. Ke2 Qe4+ 42. Kd2 h4 43. Rh6 Qd4+ 44. Ke2 Qe4+ 45. Kd2
g4 46. Rxh4 Qd4+ 47. Ke2 Qb2+ 48. Kf1 Qa1+ 49. Ke2 Qb2+ 50. Kf1 Qb1+ 51. Ke2
Qe4+ 52. Kf1 Qb1+ 53. Ke2 Qe4+ 54. Kf1 c5 55. g3 c4 1/2-1/2

[Event "15th London Classic Open"]
[Site "London ENG"]
[Date "2025.12.01"]
[Round "7.26"]
[White "Kanov, Nikola"]
[Black "Kanyamarala, Trisha"]
[Result "0-1"]
[WhiteTitle "IM"]
[BlackTitle "WIM"]
[WhiteElo "2418"]
[BlackElo "2149"]
[WhiteFideId "2928531"]
[BlackFideId "45004722"]
[EventDate "2025.11.27"]

1. c4 e5 2. g3 Nf6 3. Bg2 d5 4. cxd5 Nxd5 5. Nf3 Nc6 6. O-O Nb6 7. b3 Bc5 8. Bb2
Qe7 9. Nxe5 Nxe5 10. d4 Bd6 11. dxe5 Bxe5 12. Nc3 O-O 13. Qc2 c6 14. e4 h5 15.
f4 Bd4+ 16. Kh1 Rd8 17. h3 c5 18. Rad1 Bd7 19. Rfe1 Bc6 20. a4 a5 21. Ba3 Rac8
22. Ne2 Qe6 23. Nxd4 cxd4 24. Qd3 Nd7 25. f5 Qe5 26. Qxd4 Qxg3 27. Re3 Qh4 28.
Bd6 Nf6 29. Kg1 Ne8 30. Qe5 f6 31. Qe6+ Kh7 32. Red3 Nxd6 33. Rxd6 Rxd6 34. Rxd6
Bd7 35. Qxd7 Rc2 36. Rd2 Qe1+ 37. Kh2 Qxd2 38. Qxd2 Rxd2 39. Kg3 Rd3+ 40. Kf4
Rxb3 0-1

[Event "15th London Classic Open"]
[Site "London ENG"]
[Date "2025.12.01"]
[Round "7.27"]
[White "Efroimski, Marsel"]
[Black "Han, Qixiang"]
[Result "0-1"]
[WhiteTitle "IM"]
[WhiteElo "2384"]
[BlackElo "2104"]
[WhiteFideId "2810964"]
[BlackFideId "496952"]
[EventDate "2025.11.27"]

1. e4 c6 2. d4 d5 3. Nc3 dxe4 4. Nxe4 Nf6 5. Nxf6+ exf6 6. c3 Bd6 7. Bd3 O-O 8.
Qc2 Re8+ 9. Ne2 h5 10. Be3 Nd7 11. c4 Nf8 12. O-O-O Be6 13. Kb1 Qa5 14. a3 Ng6
15. Rhe1 b5 16. c5 Bf8 17. Bd2 Qc7 18. Nc3 Ne7 19. g3 Nd5 20. Bh7+ Kh8 21. Be4
Qd7 22. Nxd5 Bxd5 23. Bf5 Qc7 24. Bf4 Qa5 25. Re3 g6 26. Be4 Red8 27. Bd3 b4 28.
Bc4 bxa3 29. Rxa3 Qb4 30. Bxd5 Rxd5 31. Rb3 Qa5 32. Rb7 Kg8 33. Qb3 Qd8 34. Re1
a5 35. Ka2 a4 36. Qc4 Rd7 37. Rb4 Qa5 38. Ka3 Rad8 39. Be3 f5 40. Rc1 Re8 41.
Rb6 Qxb6 0-1

[Event "15th London Classic Open"]
[Site "London ENG"]
[Date "2025.12.01"]
[Round "7.28"]
[White "Roe, Simon J"]
[Black "Korshunov, Sergey And."]
[Result "0-1"]
[BlackTitle "FM"]
[WhiteElo "2172"]
[BlackElo "2377"]
[WhiteFideId "401471"]
[BlackFideId "34274715"]
[EventDate "2025.11.27"]

1. Nf3 Nf6 2. g3 g6 3. Bg2 Bg7 4. c4 O-O 5. Nc3 c5 6. d4 d6 7. O-O Nc6 8. d5 Na5
9. Nd2 a6 10. Rb1 b5 11. b3 Rb8 12. Qc2 e6 13. Bb2 e5 14. Rbe1 bxc4 15. bxc4 e4
16. Nd1 Bf5 17. Ne3 Rxb2 18. Qxb2 Nxd5 19. Qa3 Nxe3 20. fxe3 Be6 21. Bxe4 Bxc4
22. Bd3 Bb5 23. Rc1 h5 24. Ne4 c4 25. Bc2 Be5 26. Rcd1 Nb7 27. Rf2 h4 28. g4 h3
29. g5 Kg7 30. Nf6 Nc5 31. e4 c3 32. Kh1 Ne6 33. Ng4 Qc7 34. Nxe5 dxe5 35. Qd6
Qxd6 36. Rxd6 Nxg5 37. Rd5 Rb8 38. Kg1 Ne6 39. Rxe5 Nd4 40. e3 Ne2+ 41. Rxe2
Bxe2 42. Rc5 Rb2 43. Rxc3 Rxa2 44. Rc7 Rb2 45. e5 Bg4 46. Bd3 Rg2+ 47. Kf1 Be6
48. Rc2 a5 0-1

[Event "15th London Classic Open"]
[Site "London ENG"]
[Date "2025.12.01"]
[Round "7.29"]
[White "Sivanandan, Bodhana"]
[Black "Wang, Hao(ZJ)"]
[Result "1/2-1/2"]
[WhiteTitle "WIM"]
[BlackTitle "IM"]
[WhiteElo "2233"]
[BlackElo "2424"]
[WhiteFideId "497592"]
[BlackFideId "8631859"]
[EventDate "2025.11.27"]

1. e4 c5 2. Nf3 e6 3. g3 Nc6 4. Bg2 Nf6 5. Nc3 Be7 6. O-O d6 7. d4 cxd4 8. Nxd4
Bd7 9. Be3 O-O 10. Qe2 a6 11. Nxc6 Bxc6 12. a4 Qc7 13. a5 Nd7 14. Rfd1 Bf6 15.
Bd4 Bxd4 16. Rxd4 e5 17. Rdd1 Nc5 18. Nd5 Bxd5 19. Rxd5 Rfd8 20. Qc4 Rac8 21.
Qb4 Qe7 22. Rad1 Rc6 23. Qd2 Ne6 24. c3 g6 25. Qh6 Rc5 26. Qd2 Rc6 27. Qh6 Nc7
28. R5d3 b6 29. axb6 Rxb6 30. Qd2 a5 31. Ra1 Rdb8 32. Qd1 Rxb2 33. Rxd6 Nb5 34.
Rd7 Qe8 35. Rd3 Qc8 36. Qf3 Ra8 37. Qf6 Nxc3 38. Qxe5 Rb1+ 39. Rxb1 Nxb1 40. Bf3
a4 41. Qa1 Qc2 42. Qd4 a3 43. e5 a2 44. Bxa8 Nc3 45. Qd8+ Kg7 46. Qf6+ Kh6 47.
Qh4+ Kg7 48. Qf6+ 1/2-1/2

[Event "15th London Classic Open"]
[Site "London ENG"]
[Date "2025.12.01"]
[Round "7.30"]
[White "Sammed Jaykumar, Shete"]
[Black "Haydon, David L"]
[Result "1/2-1/2"]
[WhiteTitle "IM"]
[BlackTitle "FM"]
[WhiteElo "2377"]
[BlackElo "2284"]
[WhiteFideId "5073421"]
[BlackFideId "415405"]
[EventDate "2025.11.27"]

1. e4 e5 2. Nf3 Nc6 3. Bc4 Bc5 4. c3 Nf6 5. d3 d6 6. Bb3 a6 7. h3 h6 8. Nbd2 b5
9. Nf1 Be6 10. Bc2 Bb6 11. Ng3 Ne7 12. O-O Ng6 13. d4 O-O 14. Be3 c5 15. Qd2
cxd4 16. cxd4 Rc8 17. Rfc1 Re8 18. a4 exd4 19. Bxd4 Bxd4 20. Nxd4 Qb6 21. axb5
axb5 22. Nxe6 Rxe6 23. Kh2 Ne5 24. Bb3 Nc4 25. Bxc4 bxc4 26. f3 d5 27. exd5 1/2-1/2